Engineering methods for analysing strength and rigidity (Record no. 41977)

MARC details
000 -LEADER
fixed length control field 00525nam a2200133 a 4500
008 - FIXED-LENGTH DATA ELEMENTS--GENERAL INFORMATION
fixed length control field 120416s1974 ||||||||||||||||| || u
050 ## - LIBRARY OF CONGRESS CALL NUMBER
Classification number TA 405 Glu
100 ## - MAIN ENTRY--PERSONAL NAME
Personal name Glushkov, G. S
245 10 - TITLE STATEMENT
Title Engineering methods for analysing strength and rigidity
Statement of responsibility, etc. translated from the Russian by N. N. Lebedensky
260 ## - PUBLICATION, DISTRIBUTION, ETC.
Place of publication, distribution, etc. Moscow
Name of publisher, distributor, etc. Mir
Date of publication, distribution, etc. 1974
300 ## - PHYSICAL DESCRIPTION
Extent 359p.
350 ## - PRICE (NR) (BK AM CF MU VM SE) [OBSOLETE]
Price 0.00
995 ## - RECOMMENDATION 995 [LOCAL, UNIMARC FRANCE]
-- 0.00
-- CBU-MAIN LIBRARY (Kitwe)
-- 1
-- 12.00
-- 1
-- AVAILABLE
-- Annex Low-Usage Collection
Holdings
Withdrawn status Lost status Source of classification or shelving scheme Damaged status Not for loan Home library Current library Shelving location Date acquired Total Checkouts Full call number Barcode Date last seen Price effective from Koha item type
          CBU-MAIN LIBRARY, KITWE. CBU-MAIN LIBRARY, KITWE.   11/30/2022   TA 405 Glu 014818 11/30/2022 11/30/2022 MONOGRAPH